000 00425pab a2200157 454500
008 180718b2002 xxu||||| |||| 00| 0 eng d
100 _aGallagher, Mary E.
245 _a"Reform and openness": Why China's economic reforms have delayed democracy
260 _c2002
300 _ap.338-72.
362 _aApr
650 _aEconomic reform - China
650 _aEconomic reform
773 _aWorld Politics
909 _a54066
999 _c54066
_d54066